Лютер (Запись № 1010520)

Подробности
000 -МАРКЕР
контрольное поле 01275nam0a2200313 4500
001 - ИДЕНТИФИКАТОР ЗАПИСИ
контрольное поле RU\NLR\bibl\178521
005 - ИДЕНТИФИКАТОР ВЕРСИИ
контрольное поле 20260406142921.0
010 ## - МЕЖДУНАРОДНЫЙ СТАНДАРТНЫЙ НОМЕР КНИГИ (ISBN)
Номер (ISBN) 5-235-02389-7
Тираж 5000
021 ## - НОМЕР ГОСУДАРСТВЕННОЙ РЕГИСТРАЦИИ
Код страны Российская Федерация
Номер 2000-49145
Номер Листа государственной регистраци 2264
035 ## - ДРУГИЕ СИСТЕМНЫЕ НОМЕРА
Идентификатор записи (NLR Aleph) 000175209
100 ## - ДАННЫЕ ОБЩЕЙ ОБРАБОТКИ
Данные общей обработки 20010823d2000 |||y0rusy50 ca
101 1# - ЯЗЫК РЕСУРСА
Язык текста, звукозаписи и т.д. русский
Язык оригинала французский
102 ## - СТРАНА ПУБЛИКАЦИИ ИЛИ ПРОИЗВОДСТВА
Страна публикации Российская Федерация
105 ## - ПОЛЕ КОДИРОВАННЫХ ДАННЫХ: ТЕКСТОВЫЕ МАТЕРИАЛЫ, МОНОГРАФИЧЕСКИЕ
Кодированные данные о монографическом текстовом документе a |||||||||
200 1# - ЗАГЛАВИЕ И СВЕДЕНИЯ ОБ ОТВЕТСТВЕННОСТИ
Основное заглавие Лютер
Первые сведения об ответственности Иван Гобри
Последующие сведения об ответственности [Пер. с фр. Е.В. Головиной
-- Вступ. ст. А.П. Левандовского]
210 ## - ПУБЛИКАЦИЯ, РАСПРОСТРАНЕНИЕ И ДР.
Место издания, распространения и т.д. М.
Имя издателя, распространителя и т. д. Молодая гвардия
-- Палимпсест
Дата издания, распространения и т.д. 2000
215 ## - ФИЗИЧЕСКАЯ ХАРАКТЕРИСТИКА
Специфическое обозначение материала и объем 513, [1] с., [16] л. ил., портр., факс.
Размеры 21
225 1# - СЕРИЯ
Основное заглавие серии Жизнь замечательных людей
Сведения, относящиеся к заглавию Сер. биогр.
Сведения об ответственности Осн. в 1933 г. М. Горьким
Обозначение тома Вып. 786
320 ## - ПРИМЕЧАНИЯ О НАЛИЧИИ В ДОКУМЕНТЕ БИБЛИОГРАФИИ / УКАЗАТЕЛЯ
Текст примечания Библиогр.: с. 511-512
600 #1 - ИМЯ ЛИЦА КАК ПРЕДМЕТ
Начальный элемент ввода Лютер
Часть имени, кроме начального элемента ввода М.
Даты 1483 - 1546
Расширение инициалов личного имени Мартин
Системный номер авторитетной/нормативной записи 1154020
Идентификатор авторитетной/нормативной записи RU\NLR\auth\66142813
686 ## - ИНДЕКСЫ ДРУГИХ КЛАССИФИКАЦИЙ
Индекс Э376.11-343-028.1
700 #1 - ИМЯ ЛИЦА - ПЕРВИЧНАЯ ОТВЕТСТВЕННОСТЬ
Начальный элемент ввода Гобри
Часть имени, кроме начального элемента ввода И.
Расширение инициалов личного имени Иван
Код отношения Автор
702 #1 - ИМЯ ЛИЦА - ВТОРИЧНАЯ ОТВЕТСТВЕННОСТЬ
Код отношения Прочие
Материалы, к которым относится поле rus
Графика поля Кириллица
Начальный элемент ввода Лютер
Часть имени, кроме начального элемента ввода М.
Даты 1483-1546
Расширение инициалов личного имени Мартин
Идентификатор авторитетной/нормативной записи RU\NLR\auth\773602
Системный номер авторитетной/нормативной записи 113596
801 #0 - ИСТОЧНИК ЗАПИСИ
Страна Российская Федерация
Организация NLR
Дата составления 20010823
Правила каталогизации PSBO
801 #1 - ИСТОЧНИК ЗАПИСИ
Страна Российская Федерация
Организация NLR
Дата составления 20010823
942 ## - ДОПОЛНИТЕЛЬНЫЕ ЭЛЕМЕНТЫ ЗАПИСИ (АБИС)
Тип экземпляра АБИС Книга
980 ## - КОЛЛЕКЦИЯ
Название коллекции Национальная библиография
Экземпляры
Тип экземпляра Дата поступления Источник поступления Стоимость Библиотека постоянного хранения Библиотека текущего хранения Место хранения Шифр хранения Штрих-код Статус экземпляра
Книга 08.01.2005 Подсобные фонды РНБ 122.00 РНБ (Московский) РНБ (Московский) Фонд общего зала социально-экономической литературы С1 Э376/Г-574 1-497914  
Книга 23.08.2001 Обязательный экземпляр   РНБ (Московский) РНБ (Московский) Русский книжный фонд: издания с 1957 года 2001-3/10832 1-693533  
Книга 23.08.2001 Обязательный экземпляр   РНБ (Московский) РНБ (Московский) Русский книжный фонд: издания с 1957 года 2001-3/10832 1-2679645  
Книга 07.12.2004 Подсобные фонды РНБ 122.00 РНБ (Садовая) РНБ (Садовая) Фонд научного зала социально-экономической литературы С2 Э376/Г-574 1-144926  
Книга 02.09.2004 Покупка 122.00 РНБ (Фонтанка) РНБ (Фонтанка) Юношеский читальный зал Ю Э3/Г-57 1-547319